Stats Means Business : Statistics and Business Analytics for Business, Hospitality and Tourism (Record no. 1715053)
[ view plain ]
| 000 -LEADER | |
|---|---|
| fixed length control field | 00377 a2200133 4500 |
| 000 - LEADER | |
| fixed length control field | nam a22 7a 4500 |
| 005 - DATE AND TIME OF LATEST TRANSACTION | |
| control field | 20260310151756.0 |
| 020 ## - INTERNATIONAL STANDARD BOOK NUMBER | |
| International Standard Book Number | 9781032750217 |
| 100 ## - MAIN ENTRY--PERSONAL NAME | |
| Personal name | John Buglear |
| 9 (RLIN) | 1131567 |
| 245 ## - TITLE STATEMENT | |
| Title | Stats Means Business : Statistics and Business Analytics for Business, Hospitality and Tourism |
| 250 ## - EDITION STATEMENT | |
| Edition statement | 4th |
| 260 ## - PUBLICATION, DISTRIBUTION, ETC. | |
| Name of publisher, distributor, etc. | Routledge |
| Date of publication, distribution, etc. | 2025 |
| 942 ## - ADDED ENTRY ELEMENTS (KOHA) | |
| Koha item type | Textual |
| Withdrawn status | Lost status | Source of classification or shelving scheme | Damaged status | Not for loan | Home library | Current library | Date acquired | Source of acquisition | Cost, normal purchase price | Inventory number | Total Checkouts | Barcode | Date last seen | Cost, replacement price | Price effective from | Koha item type |
|---|---|---|---|---|---|---|---|---|---|---|---|---|---|---|---|---|
| Colon Classification (CC) | Ordered | South Campus Library | South Campus Library | 2026-03-10 | 26 | 5563.79 | 9475 & 09/12/2025 | SC1809517 | 2026-03-10 | 6954.74 | 2026-03-10 | Textual |
